Nat Geo wild animal Atlas : (Record no. 9826)

MARC details
000 -LEADER
fixed length control field 01137nam a22003257a 4500
001 - CONTROL NUMBER
control field 9826
003 - CONTROL NUMBER IDENTIFIER
control field FISKH
005 - DATE AND TIME OF LATEST TRANSACTION
control field 20260303091757.0
008 - FIXED-LENGTH DATA ELEMENTS--GENERAL INFORMATION
fixed length control field 260303b cb ||||| |||| 00| 0 eng d
020 ## - INTERNATIONAL STANDARD BOOK NUMBER
International Standard Book Number 9780545663274
040 ## - CATALOGING SOURCE
Original cataloging agency FISKH
Language of cataloging eng
Transcribing agency FISKH
Modifying agency FISKH
050 ## - LIBRARY OF CONGRESS CALL NUMBER
Classification number QL101 .W55
082 ## - DEWEY DECIMAL CLASSIFICATION NUMBER
Classification number 591.9
100 ## - MAIN ENTRY--PERSONAL NAME
Personal name National Graphic Society
245 ## - TITLE STATEMENT
Title Nat Geo wild animal Atlas :
Remainder of title Earth's astonishing animals and where they live /
Statement of responsibility, etc. By National Geographic
250 ## - EDITION STATEMENT
Edition statement First Scholastic printing , October 2013
260 ## - PUBLICATION, DISTRIBUTION, ETC.
Place of publication, distribution, etc. New York :
Name of publisher, distributor, etc. Scholastic ,
Date of publication, distribution, etc. 2010 .
300 ## - PHYSICAL DESCRIPTION
Extent 64 pages :
Other physical details color illusrations ;
Dimensions 30 cm .
490 ## - SERIES STATEMENT
Series statement National Geographic Kids
505 ## - FORMATTED CONTENTS NOTE
Formatted contents note Z <br/>
520 ## - SUMMARY, ETC.
Summary, etc. Combines informational text, facts, maps, and photographs to teach children about geography, animals, habitats, endangered species, and more.
521 8# - TARGET AUDIENCE NOTE
Target audience note 950 <br/>
Source Lexile estimat <br/>
521 8# - TARGET AUDIENCE NOTE
Target audience note Z <br/>
Source Raz-Plus <br/>
650 ## - SUBJECT ADDED ENTRY--TOPICAL TERM
Topical term or geographic name entry element Habitats
Form subdivision Non-fiction
650 ## - SUBJECT ADDED ENTRY--TOPICAL TERM
Topical term or geographic name entry element Informational
Form subdivision Non-fiction
650 ## - SUBJECT ADDED ENTRY--TOPICAL TERM
Topical term or geographic name entry element Geography
Form subdivision Non-fiction
700 ## - ADDED ENTRY--PERSONAL NAME
Personal name Seager , David M
Relator term Cover Designer
942 ## - ADDED ENTRY ELEMENTS (KOHA)
Source of classification or shelving scheme Dewey Decimal Classification
Koha item type Books
Suppress in OPAC No
Holdings
Withdrawn status Lost status Source of classification or shelving scheme Damaged status Not for loan Collection Home library Current library Shelving location Date acquired Total Checkouts Full call number Barcode Date last seen Price effective from Koha item type
    Dewey Decimal Classification     Non-Fiction Footprints International School Library Network Toul Tom Poung Campus Footprints International School Library Network Toul Tom Poung Campus TTP Secondary Non-Fiction Bookshelves 03/03/2026   NAT 591.9 QL101 .W55 2026-0282 03/03/2026 03/03/2026 Books